Mathematical Model of the Ignition of a Gel Fuel Particle in a High-Temperature Air Medium; Russian Journal of Physical Chemistry B; Vol. 17, iss. 1

Detaylı Bibliyografya
Parent link:Russian Journal of Physical Chemistry B.— .— New York: Springer Science+Business Media LLC
Vol. 17, iss. 1.— 2023.— P. 96–106
Yazar: Glushkov D. O. Dmitry Olegovich
Diğer Yazarlar: Paushkina K. K. Kristina Konstantinovna, Pleshko A. O. Andrey Olegovich
Özet:Title screen
Using the results of previous experimental research, a mathematical model of ignition is developed for a typical gel fuel combustible particle, based on an organic polymer thickener, in a high-temperature air medium. The mathematical model of the studied process is developed using the mathematical tools of continuum mechanics and chemical kinetics. It describes a process corresponding to the limiting regime in which the characteristic heating times of the fuel and the resulting gas-vapor mixture are much longer than the characteristic times of the chemical reaction of the fuel and oxidizer in a gaseous medium. Satisfactory results of the verification of the mathematical model and numerical algorithm make it possible to conclude that this approach can be used to reliably predict the ignition characteristics of such types of gel fuels. The ignition delay times range from 0.3 to 10.0 s for single particles of gel fuel 0.25–2.00 mm in size, heated in air at temperatures of 750 to 1473 K
Текстовый файл
AM_Agreement
Dil:İngilizce
Baskı/Yayın Bilgisi: 2023
Konular:
Online Erişim:https://doi.org/10.1134/S1990793123010219
Materyal Türü: Elektronik Kitap Bölümü
KOHA link:https://koha.lib.tpu.ru/cgi-bin/koha/opac-detail.pl?biblionumber=680138

MARC

LEADER 00000naa0a2200000 4500
001 680138
005 20250512114100.0
090 |a 680138 
100 |a 20250512d2023 k||y0rusy50 ba 
101 0 |a eng 
102 |a US 
135 |a drcn ---uucaa 
181 0 |a i   |b  e  
182 0 |a b 
183 0 |a cr  |2 RDAcarrier 
200 1 |a Mathematical Model of the Ignition of a Gel Fuel Particle in a High-Temperature Air Medium  |f D. O. Glushkov, K. K. Paushkina, A. O. Pleshko  
283 |a online_resource  |2 RDAcarrier 
300 |a Title screen 
320 |a References: 30 tit 
330 |a Using the results of previous experimental research, a mathematical model of ignition is developed for a typical gel fuel combustible particle, based on an organic polymer thickener, in a high-temperature air medium. The mathematical model of the studied process is developed using the mathematical tools of continuum mechanics and chemical kinetics. It describes a process corresponding to the limiting regime in which the characteristic heating times of the fuel and the resulting gas-vapor mixture are much longer than the characteristic times of the chemical reaction of the fuel and oxidizer in a gaseous medium. Satisfactory results of the verification of the mathematical model and numerical algorithm make it possible to conclude that this approach can be used to reliably predict the ignition characteristics of such types of gel fuels. The ignition delay times range from 0.3 to 10.0 s for single particles of gel fuel 0.25–2.00 mm in size, heated in air at temperatures of 750 to 1473 K 
336 |a Текстовый файл 
371 0 |a AM_Agreement 
461 1 |t Russian Journal of Physical Chemistry B  |c New York  |n Springer Science+Business Media LLC 
463 1 |t Vol. 17, iss. 1  |v P. 96–106  |d 2023 
610 1 |a электронный ресурс 
610 1 |a труды учёных ТПУ 
610 1 |a gel fuel 
610 1 |a organic polymer thickener 
610 1 |a combustible particle 
610 1 |a heated ai 
610 1 |a mathematical model 
610 1 |a ignition delay time 
700 1 |a Glushkov  |b D. O.  |c specialist in the field of power engineering  |c Professor, Director of the ISHFVP of the Tomsk Polytechnic University, Doctor of Technical Sciences  |f 1988-  |g Dmitry Olegovich  |9 16419 
701 1 |a Paushkina  |b K. K.  |c specialist in the field of heat and power engineering  |c Engineer of Tomsk Polytechnic University, assistant  |f 1998-  |g Kristina Konstantinovna  |9 22949 
701 1 |a Pleshko  |b A. O.  |g Andrey Olegovich 
801 0 |a RU  |b 63413507  |c 20250512  |g RCR 
850 |a 63413507 
856 4 |u https://doi.org/10.1134/S1990793123010219  |z https://doi.org/10.1134/S1990793123010219 
942 |c CF